00382nam a2200121Ia 4500003000400000005001700004008004100021040001800062041000800080100004600088245008800134260003800222OSt20260120142511.0211028s2014 xx 000 0 und d cAIMIT LIBRARY aeng aLobo, Melroy; Shetty, Prathibha.g1216064 aStudy on employee attrition at marcon overseas (Hindustan Unileaver ltd), Kalappu / aMangalurubPrathibha Shettyc2014